Thiên tài vận mệnh (91 nhân vật nổi tiếng thế giới)
Giới thiệu 91 nhân vật tiêu biểu nổi tiếng trên thế giới ở các lĩnh vực khác nhau, để khắc họa tính cách, tư tưởng, tình cảm và ý chí của họ khác với mọi người
Spremljeno u:
| Glavni autor: | |
|---|---|
| Daljnji autori: | |
| Format: | Knjiga |
| Jezik: | Vietnamese |
| Izdano: |
H.
Văn hoá Thông tin
2005
|
| Teme: | |
| Oznake: |
Dodaj oznaku
Bez oznaka, Budi prvi tko označuje ovaj zapis!
|
| Thư viện lưu trữ: | Mạng thư viện Đại học Đà Nẵng |
|---|
| LEADER | 01459nam a2200373 4500 | ||
|---|---|---|---|
| 001 | 000005108 | ||
| 003 | 1251 | ||
| 005 | 20120507100558.0 | ||
| 008 | 110809s2005 viesd | ||
| 020 | |c 79000đ | ||
| 041 | 0 | |a vie | |
| 082 | |a 808.8 |b NG-V | ||
| 100 | 0 | |a Ngô Quang Viễn | |
| 245 | 0 | |a Thiên tài vận mệnh (91 nhân vật nổi tiếng thế giới) |c Ngô Quang Viễn ch.b. ; Lê Văn Thuận dịch | |
| 260 | |a H. |b Văn hoá Thông tin |c 2005 | ||
| 300 | |a 652 tr |c 21 cm | ||
| 500 | |a Dịch từ bản tiếng Trung | ||
| 520 | |a Giới thiệu 91 nhân vật tiêu biểu nổi tiếng trên thế giới ở các lĩnh vực khác nhau, để khắc họa tính cách, tư tưởng, tình cảm và ý chí của họ khác với mọi người | ||
| 653 | |a Văn học hiện đại | ||
| 653 | |a Nhân vật lịch sử | ||
| 653 | |a Danh nhân | ||
| 653 | |a Thế giới | ||
| 700 | |a Lê Văn Thuận |e dịch | ||
| 910 | |a Nguyễn Thị Kim Oanh |d 09/ 08/ 2011 | ||
| OWN | |a LSP | ||
| AVA | |a UDN50 |b LSP |d 808.8 NG-V |e available |t Error 5001 Not defined in file expand_doc_bib_avail. |f 10 |g 0 |h N |i 0 |k 1 | ||
| 999 | |a From the UDN01 | ||
| AVA | |a UDN50 |b LSP |d 808.8 NG-V |e available |t Error 5001 Not defined in file expand_doc_bib_avail. |f 10 |g 0 |h N |i 0 |k 1 | ||
| TYP | |a Monograph | ||
| TYP | |a Printed language | ||
| 980 | |a Mạng thư viện Đại học Đà Nẵng | ||